| 000 | 01723cam a22004574i 4500 | ||
|---|---|---|---|
| 003 | PE-LiUPU | ||
| 005 | 20250731172927.0 | ||
| 008 | 170518s r 000 0 spa d | ||
| 035 | _a(Sirsi) a204004 | ||
| 040 | _aPE-LiUPU | ||
| 040 |
_aPE-LiUPU _bspa _cPE-LiUPU _erda |
||
| 049 | _aPRUA | ||
| 082 | 0 | 4 |
_a231.4 _bS76 _220 |
| 100 | 1 |
_aSpurgeon, Charles H., _eautor. |
|
| 245 | 1 | 0 |
_aSpurgeon on the attributes of God / _cCharles H. Spurgeon. |
| 264 | 1 |
_aFlorida : _bTyndale Bible Society |
|
| 300 |
_a109 pages ; _c22 centimeters |
||
| 336 |
_atext _2rdacontent |
||
| 337 |
_aunmediated _2rdamedia |
||
| 338 |
_avolume _2rdacarrier |
||
| 505 | 0 | _aEternety of God -- Power of God the mighty arm -- The magnaminity of God -- Goodness of God -- Bands of love -- Patience of God -- Justice of God -- Wisdom of God -- Omnipresence -- Omnipresence -- The immutability of God -- Instead of holiness-godliness. | |
| 526 | _aSEG42 | ||
| 526 | _aSEG41 | ||
| 526 | _aSEG40 | ||
| 526 | _aSEG39 | ||
| 526 | _aP94 | ||
| 526 | _aP87 | ||
| 526 | _aP86 | ||
| 526 | _aP85 | ||
| 526 | _aP77 | ||
| 526 | _aP76 | ||
| 526 | _aP35 | ||
| 650 | 0 | 4 |
_aDios _xAtributos. |
| 910 |
_ajck _bncf _cncf _d20170518 |
||
| 942 |
_2ddc _cBOOK |
||
| 949 |
_a231.4 S76 _wDEWEY _c1 _i75781 _lCCODEBUL1 _mBUL _p10.00 _r0 _sY _tBOOK _u2017-05-18 _xPOSGRADO _zMA.TEOLOGIA _0DONACION _o.STAFF. Colección Teologia |
||
| 994 |
_aC0 _bPEPRU |
||
| 596 | _a1 | ||
| 999 |
_a231.4 S76 _wDEWEY _c20385 _i75781 _f2021-11-9 _g4 _lCCODEBUL1 _mBUL _p10.00 _r0 _sY _tBOOK _u2017-5-18 _xTEOLOGIA _PP85 _0COMPRA _o.STAFF. Colección Teologia _d20385 |
||
| 980 |
_81 _gALBERTO SANCHEZ Responsable de Automatización |
||